L'anima del corpo (Record n. 336567)
[ formato base ]
| 000 -LEADER | |
|---|---|
| campo di controllo lung. fissa | nam a22 7a 4500 |
| 003 - Identificatore del numero di controllo | |
| campo di controllo | IT-MiCISF |
| 005 - Data e orario dell'ultima transazione | |
| campo di controllo | 20170403170052.0 |
| 008 - Elementi di lunghezza fissa--Informazione generale | |
| campo di controllo lung. fissa | 170403b xxu||||| |||| 00| 0 eng d |
| 040 ## - Fonte della catalogazione | |
| Agenzia che fa la trascrizione | IT-MiCISF |
| 041 ## - Codice di lingua | |
| Codice di lingua del testo/traccia sonora o titolo separato | it |
| 100 ## - Accesso principale -- nome di persona | |
| Nome di persona | Muraro Luisa |
| 9 (RLIN) | 56340 |
| 245 ## - Formulazione del titolo | |
| Titolo | L'anima del corpo |
| Complemento del titolo | Contro l'utero in affitto |
| 260 ## - Pubblicazione, distribuzione, ecc. (stampa) | |
| Luogo di pubblicazione, distribuzione, ecc. | Brescia |
| Nome dell'editore, distributore, ecc. | Editrice La scuola |
| Data di pubblicazione, distribuzione, ecc. | 2016 |
| 300 ## - Descrizione fisica | |
| Estensione | pp. 86 |
| 500 ## - Nota generale | |
| Nota generale | donna, maternità, etica, madre-in-affitto |
| 520 ## - Riassunto, ecc. | |
| Nota di riassunto, ecc. | Un'analisi del tema dell' "utero in affitto", considerato come la forma più attuale di sfruttamento del corpo delle donne. L’ A., reagendo all'enorme pressione sulle "madri surrogate" e alla richiesta di legalizzazione di pratiche che negano il livello etico e la dignità della donna, ripensa il rapporto della donna con il proprio corpo - alla luce di un neoliberismo culturale che ne predica la totale disponibilità - ed esalta l'unicità della relazione madre-creatura che va formandosi. Un testo per capire il dibattito che sta investendo la politica, il diritto, l'etica e la famiglia e per riflettere su un tema che riguarda tutti. |
| 650 ## - Accesso aggiunto di soggetto--termine topico | |
| Termine topico o nome geografico come accesso | donna |
| 9 (RLIN) | 56116 |
| 654 ## - Accesso aggiunto di soggetto--termini topici faccettati | |
| Termine principale | saggio |
| 942 ## - Dati aggiuntivi (Koha) | |
| Fonte della classificazione o dello schema di collocazione (segnatura) | Dewey Decimal Classification |
| Tipo copia default (Koha) | LIBRO |
| Ritirato (status) | Perso (status) | Fonte della classificazione o dello schema di collocazione (segnatura) | Danneggiato (status) | Non per il presito | Biblioteca proprietaria | Biblioteca in cui si trova | Data d'acquisizione | Totale prestiti | Collocazione | Data ultima operazione | Prezzo in vigore dal | Tipo copia default (Koha) |
|---|---|---|---|---|---|---|---|---|---|---|---|---|
| Dewey Decimal Classification | Buone Condizioni | Not For Loan | CISF - Milano | CISF - Milano | 03/04/2017 | a2133 | 03/04/2017 | 03/04/2017 | LIBRO |